The road to commonhold (Record no. 8728)
[ view plain ]
| 000 -LEADER | |
|---|---|
| fixed length control field | 01074cab a2200205 4500 |
| 001 - CONTROL NUMBER | |
| control field | ABS38970 |
| 008 - FIXED-LENGTH DATA ELEMENTS--GENERAL INFORMATION | |
| fixed length control field | 090401t1988 xxu||||| |||| 00| 0 eng d |
| 035 ## - SYSTEM CONTROL NUMBER | |
| System control number | (Sirsi) u13552 |
| 041 ## - LANGUAGE CODE | |
| Language code of text/sound track or separate title | eng |
| 100 ## - MAIN ENTRY--PERSONAL NAME | |
| Personal name | Bell, C. |
| 245 #4 - TITLE STATEMENT | |
| Title | The road to commonhold |
| 260 ## - PUBLICATION, DISTRIBUTION, ETC. | |
| Date of publication, distribution, etc. | 1988 |
| 350 ## - PRICE (NR) (BK AM CF MU VM SE) [OBSOLETE] | |
| Price | 0 |
| 490 ## - SERIES STATEMENT | |
| Series statement | Solicitors` Journal |
| Volume/sequential designation | 132(9) 4 March 1988, 285-287(3) |
| 520 ## - SUMMARY, ETC. | |
| Summary, etc. | In May 1986 a Law Commission working party was set up to study condominium schemes abroad and "to put forward a scheme to regulate relations between the owners of separate properties which lay in close proximity to each other and were interdependent". This resulted in the report published in July 1987, Commonhold: freehold flats and freehold ownership of other interdependent buildings ( CM 179 ). In this article the author examines the background to and the recommendations contained in the report and the consequences for conveyancers and solicitors if the recommendations were to become law. |
| 650 ## - SUBJECT ADDED ENTRY--TOPICAL TERM | |
| Topical term or geographic name entry element | LEASES |
| 690 ## - LOCAL SUBJECT ADDED ENTRY--TOPICAL TERM (OCLC, RLIN) | |
| Topical term or geographic name as entry element | PROPERTY LAW AND PRACTICE |
| 942 ## - ADDED ENTRY ELEMENTS (KOHA) | |
| Suppress in OPAC | 0 |
| 948 ## - LOCAL PROCESSING INFORMATION (OCLC); SERIES PART DESIGNATOR (RLIN) | |
| c (OCLC) | 04/03/1997 |
| Withdrawn status | Lost status | Source of classification or shelving scheme | Damaged status | Not for loan | Home library | Current library | Shelving location | Date acquired | Total Checkouts | Full call number | Barcode | Date last seen | Copy number | Price effective from | Koha item type |
|---|---|---|---|---|---|---|---|---|---|---|---|---|---|---|---|
| Dewey Decimal Classification | London | London | Journal article | 14/09/1999 | ABS38970 | 13552-1001 | 06/08/2019 | 1 | 06/08/2019 | Journal article |